000 00426nam a2200169Ia 4500
100 _aGopal/M
650 _aDigital control
942 _cBK
366 _f25
654 _adigital control
245 _aDigital control and state variable methods: conventional and intelligent control systems
260 _bMcGraw - Hill
_c2012
082 _a629.895
_bGOP
300 _a909
546 _aENGLISH
_cPAMPHALETS
999 _c28467
_d28467